| 000 | 00344nam a2200133Ia 4500 | ||
|---|---|---|---|
| 008 | 220216s9999 xx 000 0 und d | ||
| 100 | _aThompson P D | ||
| 245 | 0 | _aUse of rubber in road surfacing material | |
| 260 |
_bProceedings of the IRI _c1964 |
||
| 300 | _a94-103 | ||
| 650 | _aRoad surfacing | ||
| 650 | _aRubberised road | ||
| 942 | _cJS | ||
| 999 |
_c71942 _d71942 |
||